Community immersion: (Record no. 1562)

MARC details
000 -LEADER
fixed length control field 00653nam a22001937a 4500
005 - DATE AND TIME OF LATEST TRANSACTION
control field 20230303072830.0
008 - FIXED-LENGTH DATA ELEMENTS--GENERAL INFORMATION
fixed length control field 230303b |||||||| |||| 00| 0 eng d
020 ## - INTERNATIONAL STANDARD BOOK NUMBER
International Standard Book Number 971-8581-81-2
082 ## - DEWEY DECIMAL CLASSIFICATION NUMBER
Classification number Fil. 371.19 L735 2004
100 ## - MAIN ENTRY--PERSONAL NAME
Personal name Linao, Rex T.
Relator term author
245 ## - TITLE STATEMENT
Title Community immersion:
Remainder of title toward becoming agents of community empowerment /
Statement of responsibility, etc. Rex T. Linao; edited by Ernie T. Bhagwani
260 ## - PUBLICATION, DISTRIBUTION, ETC.
Place of publication, distribution, etc. Quezon City:
Name of publisher, distributor, etc. Great Books Trading,
Date of publication, distribution, etc. c2004.
300 ## - PHYSICAL DESCRIPTION
Extent xiv, 140p.;
Other physical details ill.
504 ## - BIBLIOGRAPHY, ETC. NOTE
Bibliography, etc. note Includes bibliographies
541 ## - IMMEDIATE SOURCE OF ACQUISITION NOTE
Accession number 3344
650 ## - SUBJECT ADDED ENTRY--TOPICAL TERM
Topical term or geographic name entry element Community and schools
650 ## - SUBJECT ADDED ENTRY--TOPICAL TERM
Topical term or geographic name entry element Community development
700 ## - ADDED ENTRY--PERSONAL NAME
Personal name Bhagwani, Ernie T.
Relator term editor
Holdings
Withdrawn status Lost status Source of classification or shelving scheme Damaged status Not for loan Home library Current library Date acquired Total Checkouts Full call number Barcode Date last seen Copy number Price effective from Koha item type
    Dewey Decimal Classification     ctu-moalboal ctu-moalboal 01/29/2014   Fil. 371.19 L735 2004 3344 03/03/2023 1 03/03/2023 Books-Filipiniana